| Поле | Инд. | ПП | Название | Значение |
|---|---|---|---|---|
| Тип записи | a | |||
| Библиографический уровень | m | |||
| 001 | Контрольный номер | RU/LIBMSTU/371752740 | ||
| 005 | Дата корректировки | 20190927145723.0 | ||
| 008 | Кодируемые данные | 111013|||||||||ru |||||||||||000|||rus|| | ||
| 020 | a | ISBN | 978-5-4222-0061-0 | |
| c | Цена, тираж | 150-00 | ||
| 040 | b | Код языка каталог. | rus | |
| 041 | 0_ | a | Код языка текста | rus |
| 084 | a | Индекс другой классификации/Индекс ББК | 83.3Р6+71 | |
| 090 | a | Полочн. индекс | 83.3Р | |
| x | Авторский знак | Л 64 | ||
| 245 | 10 | a | Заглавие | Литература и культура Кольского и Европейского Севера второй половины XX - начала XXI века |
| b | Продолж. заглавия | [сборник] | ||
| c | Ответственность | М-во образования и науки Рос. Федерации, Мурман. гос. гуманитар. ун-т ; [сост. Пожидаева О. В., Наумлюк М. В.] | ||
| 260 | a | Место издания | Мурманск | |
| b | Издательство | Изд-во МГГУ | ||
| c | Дата издания | 2011 | ||
| 300 | a | Объем | 108 с. | |
| b | Иллюстрации/ тип воспроизводства | [6] л. цв. фото | ||
| 504 | a | Библиография | Библиогр. в тексте | |
| 583 | x | Служебное примечание | Краеведческий каталог | |
| 650 | 04 | a | Основная рубрика | Русская литература, 20-21 вв.-Мурманская область |
| 650 | 14 | a | Основная рубрика | Культура-Международные связи |
| 651 | _4 | a | Географическое наименование | Мурманская область |
| 651 | _4 | a | Географическое наименование | Кольский Север |
| 651 | _4 | a | Географическое наименование | Европейский Север |
| 651 | _4 | a | Географическое наименование | Скандинавские страны |
| 653 | 0_ | a | Ключевые слова | Библиотечное сотрудничество |
| a | Ключевые слова | Культура | ||
| a | Ключевые слова | Культура Кольского Севера | ||
| a | Ключевые слова | Культурное сотрудничество | ||
| a | Ключевые слова | Литература Кольского Севера | ||
| a | Ключевые слова | Международные связи | ||
| a | Ключевые слова | Музейное дело | ||
| a | Ключевые слова | Русская литература | ||
| a | Ключевые слова | Театральное искусство | ||
| 700 | 12 | a | Другие авторы | Пожидаева О. В. |
| e | Роль лиц | сост. | ||
| 700 | 1_ | a | Другие авторы | Наумлюк М. В. |
| e | Роль лиц | сост. | ||
| 901 | t | Тип документа | m |